College Quizbowl Stats
College Quizbowl Stats
Circuits
Seasons
Sets
Records
Detailed Stats
About
Loading...
2024 ACF Regionals @ MIT
Tossups
Bonuses
Players
Teams
Categories (Tossup)
Categories (Bonus)
Max Neal
Harvard B
Categories
Category
Powers
Gets
Negs
BBs
Points
Earliest Buzz
Avg. Buzz
First Buzzes
Top 3 Buzzes
History - American History
0
2
0
1
20
44
83.50
0
2
Science - Chemistry
0
2
0
0
20
91
93.50
1
2
Science - Physics
0
1
0
0
10
125
125.00
0
1
Science - Other Science
0
1
1
0
5
108
108.00
1
1
Buzzes
Category
Answer
Value
Buzz Position
History - American History
Illinois
10
44
Science - Other Science
CO2 concentration
-5
75
Science - Chemistry
photons
10
91
Science - Chemistry
ethers
10
96
Science - Other Science
iron
10
108
History - American History
Gadsden Purchase
10
123
Science - Physics
liquid crystals
10
125
Previous
1
Next